| 000 | 01310nam0a22003131 4500 | ||
|---|---|---|---|
| 001 | rc\3620257 | ||
| 005 | 20130115144202.6 | ||
| 021 |
_aRU _b[71-95682] |
||
| 035 | _a(NLR Aleph) 007820565 | ||
| 090 |
_a7742331 _c7742331 |
||
| 100 | _a20130115d1972 |||y0rusy50 ca | ||
| 101 | 0 | _arus | |
| 102 | _aRU | ||
| 105 | _aa z ||||| | ||
| 200 | 1 |
_aЛитературное чтение на русском языке _eДля VII кл. кирг. школы |
|
| 205 | _a5-е изд. | ||
| 210 |
_aФрунзе _cМектеп _d1972 |
||
| 215 |
_a271 с., 3 л. ил. _cил. _d21 |
||
| 300 | _aПеред загл. авт.: К.В. Мальцева, Е.Н. Курбатова, К.С. Чонбашев. На пер. авт. не указаны | ||
| 606 |
_aРусский язык _jХрестоматии для нерусских школ _2psbo |
||
| 606 |
_aЛитературное чтение _jХрестоматии для нерусских школ _2psbo |
||
| 700 | 1 |
_aМальцева _bК. В. _gКлавдия Васильевна |
|
| 701 | 1 |
_aКурбатова _bЕ. Н. _gЕвгения Николаевна |
|
| 701 | 1 |
_aЧонбашев _bК. С. _gКенеш Сыдыкович |
|
| 801 | 0 |
_aRU _bNLR _gpsbo |
|
| 801 | 1 |
_aRU _bELAR _2rusmarc |
|
| 852 |
_aNLR _j72-3/891 |
||
| 942 | _cBOOK | ||
| 980 | _aNB | ||